00928 2200277 4500001002100000005001500021035002000036007000300056008004100059082001600100084001600116245009100132300002400223650002200247264008100269336002100350337003000371338002300401040002200424090001800446500006100464850001200525041001300537710008000550990002000630INLIS00000000086191420210706020034 a0010-0721000149ta210706s2018 yoi g f m ind d04223a899.222 a899.222 KIT00aKitab subasita /calih bahasa, Badan Perpustakaan dan Arsip Daerah Istimewa Yogyakarta a79 halaman ;c29 cm 4aKesusastraan Jawa3 aYogyakarta :bBadan Perpustakaan dan Arsip Daerah Istimewa Yogyakarta,c2018 2rdacontentateks 2rdamediaatanpa perantara 2rdacarrieravolume aYOPDYOGbinderda aL 899.222 KIT aTeks dalam bahasa Indonesia, diterjemah dari bahasa Jawa aYOPDYOG1 gindhjav2 aBadan Perpustakaan dan Arsip Daerah Daerah Istimewa Yogyakartaealih bahasa a67253-PD/A.2021